00540nam a22001577a 4500008004100000020001500041082001400056100002700070245007400097260003600171300002600207505007300233650003500306655001500341700002600356140829b xxu||||| |||| 00| 0 eng d a8437611059 a194bL991 aLyotard, Jean-Francois aPeregrinacionesbLey, Forma, acontecimientosc Lyotard, Jean Francois aMadridbEditorial Catedrac1992 a160 pbill. colc18cm tPeregrinaciones, Ley, Forma, acontecimientos, Jean Francois Lyotard. aFilosofia Marxistaxsocialismo aFilososfia aJean Francois Lyotard